| 000 | 00549nam a2200181Ia 4500 | ||
|---|---|---|---|
| 008 | 090124s9999 xx 000 0 und d | ||
| 082 |
_b25885 _a495 |
||
| 100 | _aदेशिंगकर वि.श्री. | ||
| 245 | _a अचानक धनलाभ | ||
| 250 | _a1 | ||
| 260 | _c1988 | ||
| 300 | _a46 | ||
| 600 | _aदेशिंगकर वि.श्री. | ||
| 630 | _a अचानक धनलाभ | ||
| 700 | _aदेशिंगकर वि.श्री. | ||
| 730 | _a अचानक धनलाभ | ||
| 942 | _cBOOK | ||
| 999 |
_c139376 _d139376 |
||